Собственность и рынок (Запись № 166520)

Подробности
000 -МАРКЕР
контрольное поле 01869nam0a2200349 4500
001 - ИДЕНТИФИКАТОР ЗАПИСИ
контрольное поле RU\NLR\bibl\33794
005 - ИДЕНТИФИКАТОР ВЕРСИИ
контрольное поле 20260408152848.0
021 ## - НОМЕР ГОСУДАРСТВЕННОЙ РЕГИСТРАЦИИ
Код страны Российская Федерация
Номер 99-10507
Номер Листа государственной регистраци 509
035 ## - ДРУГИЕ СИСТЕМНЫЕ НОМЕРА
Идентификатор записи (NLR Aleph) 000032947
100 ## - ДАННЫЕ ОБЩЕЙ ОБРАБОТКИ
Данные общей обработки 19990618d1998 |||y0rusy50 ca
101 0# - ЯЗЫК РЕСУРСА
Язык текста, звукозаписи и т.д. русский
102 ## - СТРАНА ПУБЛИКАЦИИ ИЛИ ПРОИЗВОДСТВА
Страна публикации Российская Федерация
105 ## - ПОЛЕ КОДИРОВАННЫХ ДАННЫХ: ТЕКСТОВЫЕ МАТЕРИАЛЫ, МОНОГРАФИЧЕСКИЕ
Кодированные данные о монографическом текстовом документе y |||||||||
200 1# - ЗАГЛАВИЕ И СВЕДЕНИЯ ОБ ОТВЕТСТВЕННОСТИ
Основное заглавие Собственность и рынок
Сведения, относящиеся к заглавию Учеб. пособие
Первые сведения об ответственности Г.П. Мельникова
Последующие сведения об ответственности Гос. ком. Рос. Федерации по связи и информатизации, Сиб. гос. ун-т телекоммуникаций и информатики. [Каф. экон. теории]
210 ## - ПУБЛИКАЦИЯ, РАСПРОСТРАНЕНИЕ И ДР.
Место издания, распространения и т.д. Новосибирск
Имя издателя, распространителя и т. д. СибГУТИ
Дата издания, распространения и т.д. 1998
215 ## - ФИЗИЧЕСКАЯ ХАРАКТЕРИСТИКА
Специфическое обозначение материала и объем 23 с.
Размеры 21
300 ## - ОБЩИЕ ПРИМЕЧАНИЯ
Текст примечания На обороте тит. л. авт.: к.э.н., доц. Г.П. Мельникова
320 ## - ПРИМЕЧАНИЯ О НАЛИЧИИ В ДОКУМЕНТЕ БИБЛИОГРАФИИ / УКАЗАТЕЛЯ
Текст примечания Библиогр.: с. 23
606 0# - НАИМЕНОВАНИЕ ТЕМЫ КАК ПРЕДМЕТ
Наименование темы Рыночная экономика
Формальный подзаголовок Руководства, пособия и т.п. для высшей школы
Системный номер авторитетной/нормативной записи 1709114
Идентификатор авторитетной/нормативной записи RU\NLR\auth\661059219
606 0# - НАИМЕНОВАНИЕ ТЕМЫ КАК ПРЕДМЕТ
Наименование темы Рыночная экономика
Формальный подзаголовок Учебные издания для высшей школы
Системный номер авторитетной/нормативной записи 1709114
Идентификатор авторитетной/нормативной записи RU\NLR\auth\661059219
606 ## - НАИМЕНОВАНИЕ ТЕМЫ КАК ПРЕДМЕТ
Наименование темы Собственность
Формальный подзаголовок Руководства, пособия и т.п. для высшей школы
Идентификатор авторитетной/нормативной записи RU\NLR\auth\6625349
Системный номер авторитетной/нормативной записи 933043
606 ## - НАИМЕНОВАНИЕ ТЕМЫ КАК ПРЕДМЕТ
Наименование темы Собственность
Формальный подзаголовок Учебные издания для высшей школы
Идентификатор авторитетной/нормативной записи RU\NLR\auth\6625349
Системный номер авторитетной/нормативной записи 933043
686 ## - ИНДЕКСЫ ДРУГИХ КЛАССИФИКАЦИЙ
Индекс У010.062я73
686 ## - ИНДЕКСЫ ДРУГИХ КЛАССИФИКАЦИЙ
Индекс У010.6я73
700 #1 - ИМЯ ЛИЦА - ПЕРВИЧНАЯ ОТВЕТСТВЕННОСТЬ
Код отношения Автор
Материалы, к которым относится поле rus
Графика поля Кириллица
Начальный элемент ввода Мельникова
Часть имени, кроме начального элемента ввода Г. П.
Дополнения к именам, кроме дат экономист
Расширение инициалов личного имени Галина Павловна
Идентификатор авторитетной/нормативной записи RU\NLR\auth\7735882
Системный номер авторитетной/нормативной записи 18877
801 #0 - ИСТОЧНИК ЗАПИСИ
Страна Российская Федерация
Организация NLR
Дата составления 19990618
Правила каталогизации PSBO
801 #1 - ИСТОЧНИК ЗАПИСИ
Страна Российская Федерация
Организация NLR
Дата составления 19990618
852 ## - МЕСТОНАХОЖДЕНИЕ И ШИФР ХРАНЕНИЯ
Идентификатор организации NLR
Шифр хранения (Call Number) 99-4/3129
942 ## - ДОПОЛНИТЕЛЬНЫЕ ЭЛЕМЕНТЫ ЗАПИСИ (АБИС)
Тип экземпляра АБИС Книга
980 ## - КОЛЛЕКЦИЯ
Название коллекции Национальная библиография
Экземпляры
Тип экземпляра Дата поступления Библиотека постоянного хранения Библиотека текущего хранения Место хранения Шифр хранения Штрих-код Статус экземпляра
Книга 26.10.2013 РНБ (Московский) РНБ (Московский) Русский книжный фонд: издания с 1957 года 99-4/3129 1-1476833